00404nam a22001217a 4500020001600000082001100016100002100027245011100048260003300159300002700192650004200219700002100261 qHard Cover. a629.04 aMuhammad Waseem. aAn exploratory empirical analysis of injury severity of motorcycle crashes in Pakistan /cMuhammad Waseem. aIslamabad:bNIT NUST,c2017. a59 p. :bill. ;c30cm. aTransportation Engineering MS-Thesis. aDr. Anwaar Ahmed